[Event "Titled Tue 24th Jun Early"]
[Site "chess.com INT"]
[Date "2025.06.24"]
[Round "6"]
[White "Ratkovic, Miloje"]
[Black "Matyassy, Lazar"]
[Result "1-0"]
[WhiteTitle "GM"]
[BlackTitle "FM"]
[WhiteElo "2489"]
[BlackElo "2251"]
[WhiteFideId "914517"]
[BlackFideId "17005167"]
[EventDate "2025.06.24"]

1. e4 a6 2. d4 h6 3. c4 e6 4. a3 d5 5. Nc3 dxe4 6. Nxe4 Nd7 7. Nf3 Ngf6 8. Nxf6+
Nxf6 9. Bd3 c5 10. Be3 cxd4 11. Bxd4 Be7 12. O-O O-O 13. Qe2 Bd7 14. Rfd1 Qc7
15. Ne5 Rfd8 16. Rac1 Be8 17. Bb1 Rd6 18. c5 Rd5 19. Ba2 Rxd4 20. Rxd4 Bxc5 21.
Rdc4 Bb5 22. b4 Bxc4 23. Rxc4 Bxf2+ 24. Kxf2 Qd6 25. Nf3 Rd8 26. h3 Qb6+ 27. Qe3
Qb5 28. Rd4 Rc8 29. Rd2 Qf5 30. Re2 Rd8 31. Kg1 Nd5 32. Bxd5 Rxd5 33. Qe4 Qf6
34. Kh2 Qd8 35. Qf4 Qd7 36. Rc2 g5 37. Qb8+ Kg7 38. Rc8 Rf5 39. Rd8 Qe7 40. Rg8+ 1-0

[Event "Titled Tue 24th Jun Early"]
[Site "chess.com INT"]
[Date "2025.06.24"]
[Round "6"]
[White "Nguyen, Ngoc Truong Son"]
[Black "Shogdzhiev, Roman"]
[Result "1-0"]
[WhiteTitle "GM"]
[BlackTitle "FM"]
[WhiteElo "2600"]
[BlackElo "2402"]
[WhiteFideId "12401110"]
[BlackFideId "55653537"]
[EventDate "2025.06.24"]

1. e4 c5 2. c3 Nf6 3. e5 Nd5 4. Nf3 d6 5. exd6 Qxd6 6. d4 cxd4 7. Nxd4 Nc7 8.
Na3 Nc6 9. Nc4 Qd7 10. Nxc6 Qxc6 11. Be2 Be6 12. Na5 Qb6 13. b4 Rd8 14. Be3
Rxd1+ 15. Rxd1 Bd5 16. Bxb6 axb6 17. Nc4 Bxg2 18. Rg1 Bc6 19. Nxb6 g6 20. c4 Bg7
21. b5 Be4 22. Rg3 f5 23. Bd3 Be5 24. Bxe4 Bxg3 25. hxg3 fxe4 26. Rd7 Na8 27.
Rxb7 O-O 28. a4 Nxb6 29. Rxb6 Ra8 30. Ra6 1-0

[Event "Titled Tue 24th Jun Early"]
[Site "chess.com INT"]
[Date "2025.06.24"]
[Round "6"]
[White "Fizer, Marek"]
[Black "Damaraju, Ashwin"]
[Result "1-0"]
[WhiteTitle "CM"]
[WhiteElo "2186"]
[BlackElo "2084"]
[WhiteFideId "391980"]
[BlackFideId "39908348"]
[EventDate "2025.06.24"]

1. e4 c5 2. Nf3 d6 3. Bb5+ Nd7 4. a4 Nf6 5. Nc3 a6 6. Be2 g6 7. a5 Bg7 8. O-O
O-O 9. d3 b5 10. axb6 Bb7 11. Qd2 Nxb6 12. Qg5 Qd7 13. h3 Rac8 14. Qh4 c4 15.
Bh6 cxd3 16. cxd3 Rc5 17. Ng5 Rfc8 18. d4 Rxg5 19. Bxg5 Nc4 20. Rfc1 Nxb2 21. e5
Ne8 22. Bg4 e6 23. Bf6 Nxf6 24. exf6 Bf8 25. d5 Nd3 26. Rc2 Nb4 27. dxe6 fxe6
28. Re2 Re8 29. Rae1 Bc8 30. Rxe6 Rd8 31. f7+ 1-0

[Event "Titled Tue 24th Jun Early"]
[Site "chess.com INT"]
[Date "2025.06.24"]
[Round "6"]
[White "Aadya, Gupta"]
[Black "Aaron, Deepak"]
[Result "0-1"]
[WhiteTitle "WFM"]
[WhiteElo "1923"]
[BlackElo "2318"]
[WhiteFideId "25778293"]
[BlackFideId "2009412"]
[EventDate "2025.06.24"]

1. d4 e6 2. c4 f5 3. Nc3 Nf6 4. g3 Bb4 5. Bd2 Bxc3 6. Bxc3 Ne4 7. Bg2 Nxc3 8.
bxc3 O-O 9. Nf3 Nc6 10. O-O Rb8 11. d5 Na5 12. Nd2 e5 13. e4 d6 14. f4 Qe7 15.
c5 b6 16. cxd6 cxd6 17. fxe5 Qxe5 18. Rc1 Ba6 19. Rxf5 Rxf5 20. exf5 Qxf5 21.
Qf3 Qg5 22. Qf4 Qxf4 23. gxf4 Rf8 24. Ne4 Nc4 25. Rf1 Ne3 26. Rf2 Nxd5 27. Nxd6
Nxf4 28. c4 g5 29. Rd2 Kg7 30. Ne4 Bxc4 31. Rd7+ Rf7 32. Rxf7+ Bxf7 33. Nxg5
Nxg2 0-1

[Event "Titled Tue 24th Jun Early"]
[Site "chess.com INT"]
[Date "2025.06.24"]
[Round "6"]
[White "Le, Tuan Minh"]
[Black "Fedotov, Nikita2"]
[Result "1-0"]
[WhiteTitle "GM"]
[BlackTitle "FM"]
[WhiteElo "2598"]
[BlackElo "2278"]
[WhiteFideId "12401153"]
[BlackFideId "24161446"]
[EventDate "2025.06.24"]

1. d4 d5 2. Nf3 Nf6 3. Bf4 e6 4. e3 Bd6 5. Nbd2 O-O 6. c3 b6 7. Bd3 c5 8. Qe2
Bxf4 9. exf4 Nc6 10. O-O Bb7 11. Rfe1 Ne7 12. Rad1 Qc7 13. g3 Nf5 14. Nf1 Nd6
15. Ne3 Nde4 16. Ne5 Rac8 17. f5 Rfe8 18. Qf3 Ng5 19. Qg2 Rcd8 20. h4 Nge4 21.
Qf3 exf5 22. Nxf5 Bc8 23. g4 c4 24. Bc2 h5 25. g5 Ng4 26. Ne3 Nxe5 27. dxe5 Qxe5
28. Rxd5 Rxd5 29. Nxd5 Qxd5 30. Bxe4 Qd8 31. Re3 Bg4 32. Qf4 Qd1+ 33. Kh2 Rd8
34. g6 fxg6 35. Bxg6 Rf8 36. Qxf8+ Kxf8 37. Re8# 1-0

[Event "Titled Tue 24th Jun Early"]
[Site "chess.com INT"]
[Date "2025.06.24"]
[Round "6"]
[White "Novosel, Lovro"]
[Black "Ughuzov, Ravan"]
[Result "0-1"]
[WhiteTitle "FM"]
[BlackTitle "FM"]
[WhiteElo "2338"]
[BlackElo "2295"]
[WhiteFideId "14547120"]
[BlackFideId "13419315"]
[EventDate "2025.06.24"]

1. c4 e6 2. Nc3 d5 3. d4 Nf6 4. cxd5 exd5 5. Bg5 h6 6. Bh4 Be7 7. e3 O-O 8. Bd3
c6 9. Nge2 Re8 10. O-O Nbd7 11. f3 c5 12. Bf2 b6 13. Rc1 Bb7 14. Bb1 Rc8 15. Qd3
Nf8 16. Rfd1 a6 17. a4 Qd7 18. h3 Bd6 19. Ng3 g6 20. Qd2 Ne6 21. dxc5 bxc5 22.
e4 Bf4 23. Qc2 Bxc1 24. Qxc1 d4 25. Qxh6 Qe7 26. Nce2 Red8 27. e5 Ne8 28. Ne4
Bxe4 29. Bxe4 Qg5 30. Qxg5 Nxg5 31. Bb7 Rb8 32. Bxa6 Rxb2 33. Bh4 Ra8 34. Bb5
Nc7 35. Nxd4 Nxh3+ 36. gxh3 cxd4 37. Rxd4 Nxb5 38. axb5 Ra1+ 0-1

[Event "Titled Tue 24th Jun Early"]
[Site "chess.com INT"]
[Date "2025.06.24"]
[Round "6"]
[White "Yang, Daniel"]
[Black "Lopez Rayo, Santiago"]
[Result "0-1"]
[WhiteTitle "CM"]
[BlackTitle "FM"]
[WhiteElo "2198"]
[BlackElo "2282"]
[WhiteFideId "30976340"]
[BlackFideId "4455665"]
[EventDate "2025.06.24"]

1. Nf3 Nf6 2. g3 g6 3. Bg2 Bg7 4. O-O O-O 5. c4 d6 6. Nc3 Nc6 7. d3 e5 8. Rb1 a5
9. a3 Nd7 10. b4 axb4 11. axb4 f5 12. Qc2 Ne7 13. e3 h6 14. d4 e4 15. Nd2 c5 16.
bxc5 dxc5 17. Nb3 cxd4 18. exd4 Nb6 19. Rd1 Be6 20. Nc5 Bxc4 21. Rxb6 Qxb6 22.
N3xe4 Bd5 23. Nd7 Qb3 24. Qe2 fxe4 25. Nxf8 Rxf8 26. Bf4 Bc4 27. Qd2 Nd5 28. Be5
e3 29. fxe3 Nxe3 30. Re1 Nxg2 31. Qxg2 Bd5 32. Qe2 Qf3 33. Bxg7 Qh1# 0-1

[Event "Titled Tue 24th Jun Early"]
[Site "chess.com INT"]
[Date "2025.06.24"]
[Round "6"]
[White "Abdou Ahmed Alem"]
[Black "Lezcano, Gustavo"]
[Result "0-1"]
[WhiteTitle "CM"]
[WhiteElo "2002"]
[BlackElo "2007"]
[WhiteFideId "19603720"]
[BlackFideId "103306"]
[EventDate "2025.06.24"]

1. d4 Nf6 2. Bf4 c5 3. c3 Qb6 4. Qc1 cxd4 5. cxd4 Nc6 6. e3 d6 7. Nf3 g6 8. Nc3
Bg7 9. Bd3 O-O 10. h3 Nb4 11. Bb1 Bf5 12. Bxf5 gxf5 13. Qd2 e6 14. O-O Nbd5 15.
Nxd5 Nxd5 16. Bh2 Rfc8 17. Rac1 Nf6 18. Rxc8+ Rxc8 19. Rc1 Rc6 20. Rxc6 Qxc6 21.
Qc3 Bf8 22. Qxc6 bxc6 23. Nd2 Be7 24. Kf1 Kf8 25. Ke2 Ke8 26. Kd3 Kd7 27. Bf4
Nd5 28. Nc4 Nb4+ 29. Kd2 Nxa2 30. f3 Nb4 31. e4 fxe4 32. fxe4 f5 33. exf5 exf5
34. d5 Nxd5 35. Bh6 Bf6 36. Ne3 Nxe3 37. Bxe3 Bxb2 38. Bxa7 c5 39. Kd3 Kc6 40.
Bb8 Be5 41. Kc4 Kb7 42. Bxd6 Bxd6 43. Kd5 Kc7 44. g4 fxg4 45. hxg4 Kd7 46. Kc4
Ke6 47. g5 Kf5 48. Kd5 Bf8 0-1

[Event "Titled Tue 24th Jun Early"]
[Site "chess.com INT"]
[Date "2025.06.24"]
[Round "6"]
[White "Guliev, Gasan"]
[Black "Zhakshylykov, Erzhan"]
[Result "0-1"]
[WhiteTitle "CM"]
[BlackTitle "IM"]
[WhiteElo "2123"]
[BlackElo "2362"]
[WhiteFideId "34165638"]
[BlackFideId "13804111"]
[EventDate "2025.06.24"]

1. e4 e6 2. d4 d5 3. Nd2 Nc6 4. Ngf3 Nf6 5. e5 Nd7 6. c3 f6 7. exf6 Qxf6 8. Bd3
e5 9. dxe5 Ndxe5 10. Nxe5 Nxe5 11. Be2 Bd6 12. Nf3 c6 13. Nxe5 Bxe5 14. Be3 O-O
15. Qd2 Bf5 16. O-O-O a5 17. f4 Bd6 18. g4 Be4 19. Rhf1 Qh4 20. Rf2 a4 21. a3
Qe7 22. f5 Rae8 23. Bg5 Qc7 24. Bd3 Bxd3 25. Qxd3 Re4 26. h3 h6 27. Bd2 Qe7 28.
Rg1 Bc5 29. Rfg2 Bxg1 30. Rxg1 Qc5 31. Rg2 Qc4 32. Kc2 Qb3+ 33. Kc1 Rfe8 34. h4
Re1+ 35. Bxe1 Rxe1+ 36. Kd2 Qd1# 0-1

[Event "Titled Tue 24th Jun Early"]
[Site "chess.com INT"]
[Date "2025.06.24"]
[Round "6"]
[White "Harriott, Tyrell"]
[Black "Sahetchian, Armand"]
[Result "1-0"]
[BlackTitle "CM"]
[WhiteElo "1924"]
[BlackElo "2024"]
[WhiteFideId "2086484"]
[BlackFideId "607150"]
[EventDate "2025.06.24"]

1. d4 Nf6 2. e3 g6 3. Bd3 d5 4. f4 c5 5. c3 Bg7 6. Nf3 Nc6 7. O-O cxd4 8. exd4
Bf5 9. Ne5 Bxd3 10. Qxd3 O-O 11. Nd2 Rc8 12. Nxc6 Rxc6 13. f5 a6 14. fxg6 hxg6
15. Nf3 Ne4 16. Ng5 Nxg5 17. Bxg5 Re6 18. Rf2 Qb6 19. Raf1 Qb5 20. Qh3 Re4 21.
Qg3 e5 22. Be7 Rf4 23. Bxf8 Bxf8 24. Rxf4 exf4 25. Qxf4 Qd7 26. Qb8 Kg7 27. Qe5+
Kg8 28. h4 Bd6 29. Qg5 Be7 30. Qf4 Bd6 31. Qf6 Bb8 32. h5 Qc7 33. hxg6 Qh2+ 34.
Kf2 Qg3+ 35. Ke2 Qxg2+ 36. Rf2 Qe4+ 37. Kd1 Qb1+ 38. Ke2 Qe4+ 39. Kd2 Bg3 40.
Qxf7+ 1-0

[Event "Titled Tue 24th Jun Early"]
[Site "chess.com INT"]
[Date "2025.06.24"]
[Round "6"]
[White "Novikova, Marharyta"]
[Black "Katishonok, Nikolaj"]
[Result "0-1"]
[WhiteTitle "WCM"]
[BlackTitle "FM"]
[WhiteElo "1974"]
[BlackElo "2004"]
[WhiteFideId "14109689"]
[BlackFideId "11600225"]
[EventDate "2025.06.24"]

1. e4 e6 2. d4 d5 3. exd5 exd5 4. Bd3 Nf6 5. Nf3 c5 6. dxc5 Bxc5 7. O-O O-O 8.
Ne5 Nc6 9. Nxc6 bxc6 10. Nd2 a5 11. Nf3 a4 12. a3 h6 13. h3 Qb6 14. Rb1 Re8 15.
b4 axb3 16. Rxb3 Qc7 17. Be2 Qe7 18. Be3 Rxa3 19. Rxa3 Bxa3 20. Nd4 Qc7 21. Qd3
Bc5 22. Ne6 fxe6 23. Bxc5 e5 24. Qa3 Ne4 25. Be3 d4 26. Bc1 c5 27. Bf3 Nf6 28.
Qb3+ Kh8 29. Re1 Bf5 30. Bd2 e4 31. Bd1 c4 32. Qa4 c3 33. Bc1 Qd7 34. Be2 Qxa4 0-1

[Event "Titled Tue 24th Jun Early"]
[Site "chess.com INT"]
[Date "2025.06.24"]
[Round "6"]
[White "De Miranda, Alexandre Pinto"]
[Black "Van Baar, Esper"]
[Result "1-0"]
[BlackTitle "FM"]
[WhiteElo "2063"]
[BlackElo "2232"]
[WhiteFideId "2108445"]
[BlackFideId "1049321"]
[EventDate "2025.06.24"]

1. e4 e6 2. d3 d5 3. Nd2 c5 4. Ngf3 Nc6 5. g3 Nf6 6. Bg2 Be7 7. O-O O-O 8. e5
Nd7 9. Re1 b5 10. Nf1 b4 11. Bf4 a5 12. h4 Ba6 13. h5 h6 14. N1h2 a4 15. a3 c4
16. d4 c3 17. bxc3 bxa3 18. Ng4 Re8 19. Qc1 Bf8 20. Rxa3 Bb5 21. Ra1 Na5 22.
Bxh6 gxh6 23. Nxh6+ Bxh6 24. Qxh6 Nf8 25. Ng5 Nc6 26. Re4 f5 27. exf6 Ra7 28.
Rg4 e5 29. f7+ Rxf7 30. Ne6+ 1-0

[Event "Titled Tue 24th Jun Early"]
[Site "chess.com INT"]
[Date "2025.06.24"]
[Round "6"]
[White "Carlsen, Magnus"]
[Black "Kacharava, Nikolozi"]
[Result "1-0"]
[WhiteTitle "GM"]
[BlackTitle "GM"]
[WhiteElo "2837"]
[BlackElo "2524"]
[WhiteFideId "1503014"]
[BlackFideId "13611860"]
[EventDate "2025.06.24"]

1. e4 e5 2. Nc3 Nf6 3. Bc4 Be7 4. d4 d6 5. Nf3 Nbd7 6. O-O O-O 7. a4 c6 8. Re1
h6 9. h3 a5 10. Be3 Re8 11. d5 Qc7 12. Qd3 Nb8 13. Rad1 Na6 14. Qe2 Nb4 15. Bb3
Bd7 16. Nd2 cxd5 17. exd5 Bf5 18. Nb5 Qd7 19. Nc4 Nfxd5 20. Ncxd6 Bxd6 21. Bxd5
Bf8 22. Be4 Qc8 23. Bxf5 Qxf5 24. Nc7 Nxc2 25. Rf1 Nb4 26. Nxa8 Rxa8 27. Qb5 Ra6
28. Rd8 Nc6 29. Rxf8+ Kxf8 30. Qxb7 Qd3 31. Rc1 Nd8 32. Rc8 Re6 33. Bc5+ Ke8 34.
Bb6 Rd6 35. Bxa5 Qd1+ 36. Kh2 Qd4 37. Qb5+ Ke7 38. Bb4 Ne6 39. Rc6 Kf6 40. Rxd6
Qf4+ 41. Kg1 Qc1+ 42. Qf1 Qxb2 43. Qe1 Kf5 44. Bc3 1-0

[Event "Titled Tue 24th Jun Early"]
[Site "chess.com INT"]
[Date "2025.06.24"]
[Round "6"]
[White "Dehtiarov, Roman"]
[Black "Kawka, Milena"]
[Result "1-0"]
[WhiteTitle "FM"]
[BlackTitle "WCM"]
[WhiteElo "2416"]
[BlackElo "2003"]
[WhiteFideId "14186640"]
[BlackFideId "21095167"]
[EventDate "2025.06.24"]

1. e4 c6 2. d4 d5 3. Nc3 dxe4 4. Nxe4 Nf6 5. Nxf6+ exf6 6. Bd3 Bd6 7. Qh5 h6 8.
Nf3 Be6 9. O-O g6 10. Qh4 f5 11. Qxd8+ Kxd8 12. c4 Nd7 13. Bd2 Nf6 14. Rfe1 Ne4
15. Be3 g5 16. Rad1 Kc7 17. Rc1 a5 18. d5 Bd7 19. c5 Bf8 20. d6+ Kd8 21. Ne5 Be6
22. Bd4 Rg8 23. f3 Nf6 24. Nxf7+ Bxf7 25. Bxf6+ Kc8 26. Bxf5+ Kb8 27. d7 Ka7 28.
d8=Q Bxc5+ 29. Rxc5 Raxd8 30. Bxd8 Rxd8 31. Rxa5+ Kb6 32. Rae5 Bxa2 33. Be6 Bxe6
34. Rxe6 Rd2 35. R6e2 Rd3 36. Kf2 Rb3 37. Kg3 Kc7 38. h4 gxh4+ 39. Kxh4 Rb4+ 40.
g4 Rb3 41. Rf2 Rb5 42. f4 Rd5 43. f5 1-0

[Event "Titled Tue 24th Jun Early"]
[Site "chess.com INT"]
[Date "2025.06.24"]
[Round "6"]
[White "Srihari, L R"]
[Black "Firouzja, Alireza"]
[Result "0-1"]
[WhiteTitle "IM"]
[BlackTitle "GM"]
[WhiteElo "2480"]
[BlackElo "2766"]
[WhiteFideId "46617116"]
[BlackFideId "12573981"]
[EventDate "2025.06.24"]

1. Nf3 Nf6 2. c4 g6 3. Nc3 Bg7 4. g3 O-O 5. Bg2 d6 6. d4 Nbd7 7. O-O e5 8. e4 c6
9. h3 exd4 10. Nxd4 Re8 11. Re1 h6 12. Be3 Nc5 13. Qc2 Bd7 14. Rad1 Qc7 15. Bf4
Nh5 16. Be3 a5 17. Qd2 Kh7 18. Nb3 Be6 19. Nxc5 dxc5 20. Qe2 b6 21. Kh2 Rad8 22.
f4 Bd4 23. e5 f5 24. Bf1 Rd7 25. Rd2 Red8 26. Red1 Bxc4 27. Qxc4 Bxe3 28. Rxd7+
Rxd7 29. Rd6 Rxd6 30. exd6 Qxd6 31. Qf7+ Ng7 32. Bc4 Qd8 33. h4 b5 34. Be6 h5
35. a4 Kh6 36. Qd7 Nxe6 37. Qxe6 Qd2+ 38. Kh3 Qe1 39. Qxc6 b4 40. Nb5 c4 41. Qa8
Qf1+ 42. Qg2 Qxg2+ 43. Kxg2 Bc5 44. Kf3 c3 45. bxc3 b3 46. c4 Bb4 0-1

[Event "Titled Tue 24th Jun Early"]
[Site "chess.com INT"]
[Date "2025.06.24"]
[Round "6"]
[White "Mitrabha, Guha"]
[Black "Rahman, Masruri"]
[Result "1-0"]
[WhiteTitle "GM"]
[BlackTitle "FM"]
[WhiteElo "2515"]
[BlackElo "2407"]
[WhiteFideId "5057000"]
[BlackFideId "7101163"]
[EventDate "2025.06.24"]

1. Nf3 d5 2. c4 c6 3. cxd5 cxd5 4. d4 Nf6 5. Nc3 Nc6 6. Bf4 Bf5 7. e3 e6 8. Qb3
Qb6 9. Qxb6 axb6 10. Bb5 Bb4 11. Ne5 Rc8 12. Rc1 O-O 13. O-O Nxe5 14. Bxe5 Bxc3
15. bxc3 Ne4 16. Bd7 Ra8 17. a4 Nd2 18. Rfe1 Nb3 19. Rcd1 Bc2 20. Bc7 Bxd1 21.
Rxd1 Na5 22. Bxb6 Nc4 23. Bc5 Rfd8 24. Bb5 Nb2 25. Ra1 Rdc8 26. Bb4 Nc4 27. Kf1
b6 28. Ke2 g6 29. f3 Kg7 30. e4 Na5 31. Rb1 Nc6 32. Bd6 Na7 33. Be5+ f6 34. Bg3
dxe4 35. Bd7 Rxc3 36. Rxb6 Nc8 37. Rb7 Kh6 38. Bxe6 Rxa4 39. Bg8 Ra2+ 40. Bxa2
Rc2+ 41. Ke3 Rxa2 42. fxe4 Ra3+ 43. Kf2 Ra6 44. d5 Nb6 45. d6 Ra2+ 46. Kf3 Nc4
47. d7 Rd2 48. Bf4+ g5 49. Bxd2 1-0

[Event "Titled Tue 24th Jun Early"]
[Site "chess.com INT"]
[Date "2025.06.24"]
[Round "6"]
[White "Jahnz, Laurin"]
[Black "Ribeiro, Gustavo"]
[Result "0-1"]
[WhiteTitle "CM"]
[BlackTitle "FM"]
[WhiteElo "2221"]
[BlackElo "2314"]
[WhiteFideId "16261089"]
[BlackFideId "1941852"]
[EventDate "2025.06.24"]

1. e4 e5 2. Nf3 Nc6 3. Bc4 Nf6 4. d3 Be7 5. O-O O-O 6. a4 d5 7. exd5 Nxd5 8. h3
Bf6 9. Re1 Be6 10. Nbd2 Nd4 11. Ne4 Nxf3+ 12. Qxf3 Be7 13. Qg3 Nf4 14. Bxe6 fxe6
15. Qg4 h5 16. Qd1 Qe8 17. Ng3 Bd6 18. Bxf4 exf4 19. Nxh5 f3 20. g4 g6 21. Qd2
gxh5 22. Qg5+ Kh7 23. Re4 Rg8 24. Qh4 Qg6 25. Rae1 Rae8 26. Kh1 Qg5 27. Qxg5
Rxg5 28. R1e3 hxg4 29. hxg4 Rf8 30. Rxe6 Rxg4 31. R6e4 Rxe4 32. Rxe4 Kg6 33. Kg1
Rf4 34. Re3 Rxa4 35. Rxf3 Ra2 36. b3 Rxc2 37. d4 Rd2 0-1

[Event "Titled Tue 24th Jun Early"]
[Site "chess.com INT"]
[Date "2025.06.24"]
[Round "6"]
[White "Gasparyan, Erik R."]
[Black "Leiva, Gianmarco"]
[Result "1-0"]
[WhiteTitle "IM"]
[BlackTitle "IM"]
[WhiteElo "2372"]
[BlackElo "2387"]
[WhiteFideId "13315730"]
[BlackFideId "3804399"]
[EventDate "2025.06.24"]

1. Nf3 d5 2. g3 c6 3. Bg2 Bg4 4. O-O Nd7 5. c4 Ngf6 6. d3 e6 7. Qb3 Nc5 8. Qc2
Be7 9. Be3 Rc8 10. b4 Ncd7 11. a3 a5 12. Qb2 Ra8 13. Nbd2 axb4 14. axb4 O-O 15.
Rfb1 Rxa1 16. Rxa1 Qc7 17. Ra7 e5 18. b5 d4 19. Bg5 Qb6 20. Ra2 cxb5 21. cxb5
Rc8 22. Nc4 Qc5 23. Bxf6 Bxf6 24. Nfd2 Be7 25. Bxb7 Rb8 26. Ra8 Rxa8 27. Bxa8
Nb6 28. Nxb6 Qxb6 29. Nc4 Qb8 30. Bf3 Be6 31. b6 Bxc4 32. dxc4 Bc5 33. b7 g6 34.
Qb5 Bd6 35. Qd7 Kg7 36. Bd5 Qf8 37. Qc8 Bb8 38. c5 f5 39. c6 e4 40. c7 d3 41.
Qxf8+ 1-0

[Event "Titled Tue 24th Jun Early"]
[Site "chess.com INT"]
[Date "2025.06.24"]
[Round "6"]
[White "Gibala, Adam"]
[Black "Anakok, Deniz"]
[Result "0-1"]
[WhiteTitle "CM"]
[BlackTitle "CM"]
[WhiteElo "2245"]
[BlackElo "2058"]
[WhiteFideId "21070288"]
[BlackFideId "51603586"]
[EventDate "2025.06.24"]

1. Nf3 Nf6 2. c4 e6 3. g3 d5 4. d4 Be7 5. Bg2 O-O 6. O-O dxc4 7. Qc2 a6 8. a4
Nbd7 9. Qxc4 c5 10. Rd1 b5 11. Qc2 Bb7 12. Bg5 Qb6 13. a5 Qa7 14. Nc3 Rac8 15.
Bxf6 Nxf6 16. Qd3 Rfd8 17. e3 cxd4 18. exd4 Rc4 19. Ne2 Be4 20. Qe3 Qb7 21. Nc3
Bc6 22. b3 Rb4 23. Na2 Nd5 24. Qd3 Bf6 25. Nxb4 Nxb4 26. Qc3 Nd5 27. Qe1 b4 28.
Rac1 Nc3 29. Rd3 Bd5 30. h4 Qb5 31. Qd2 Ne4 32. Qe3 Nc3 33. h5 h6 34. Ne1 Bxb3
35. Rdxc3 bxc3 0-1

[Event "Titled Tue 24th Jun Early"]
[Site "chess.com INT"]
[Date "2025.06.24"]
[Round "6"]
[White "Venskaya, Nika"]
[Black "Gavarrete, Nahun"]
[Result "1-0"]
[WhiteTitle "WCM"]
[BlackTitle "FM"]
[WhiteElo "1926"]
[BlackElo "2281"]
[WhiteFideId "13523503"]
[BlackFideId "8400709"]
[EventDate "2025.06.24"]

1. d4 d5 2. Nf3 Nf6 3. g3 e6 4. Bg2 c5 5. O-O Nc6 6. c4 Bd6 7. cxd5 exd5 8. Nc3
O-O 9. Bg5 Be6 10. dxc5 Bxc5 11. Bxf6 Qxf6 12. Nxd5 Qxb2 13. Nc7 Rad8 14. Qa4
Qxe2 15. Nxe6 Qxe6 16. Rfe1 Qf6 17. Qb5 Bb6 18. Re2 Rfe8 19. Rae1 Rxe2 20. Rxe2
h6 21. h4 Nd4 22. Nxd4 Rxd4 23. Bxb7 Rd1+ 24. Kg2 Rd6 25. Be4 Re6 26. Qd5 g6 27.
h5 Kg7 28. hxg6 fxg6 29. Rc2 Re7 30. a4 Qe5 31. Qxe5+ Rxe5 32. Kf3 Ra5 33. Bc6
Kf6 34. Bb5 a6 35. Rc6+ Kg5 36. Rxb6 axb5 37. Rxb5+ Rxb5 38. axb5 Kf6 39. b6 Ke6
40. b7 Kd7 41. b8=Q Ke6 42. Qf4 Ke7 43. Qxh6 Ke6 44. Qxg6+ Ke7 45. Qf5 Ke8 46.
g4 Ke7 47. g5 Ke8 48. Qh7 Kd8 49. g6 Ke8 50. g7 Kd8 51. g8=Q# 1-0

[Event "Titled Tue 24th Jun Early"]
[Site "chess.com INT"]
[Date "2025.06.24"]
[Round "6"]
[White "Carroll, Thomas"]
[Black "Roebers, Eline"]
[Result "0-1"]
[BlackTitle "IM"]
[WhiteElo "2131"]
[BlackElo "2356"]
[WhiteFideId "450111"]
[BlackFideId "1058401"]
[EventDate "2025.06.24"]

1. d4 f5 2. Nc3 Nf6 3. Bg5 d5 4. Bxf6 exf6 5. e3 Be6 6. Bd3 Qd7 7. Nce2 Nc6 8.
c3 O-O-O 9. b4 Kb8 10. a4 Ne7 11. a5 Nc8 12. Nf3 Nd6 13. Nf4 Bf7 14. b5 Nxb5 15.
a6 b6 16. Qb3 Nd6 17. Nxd5 c6 18. Nxb6 axb6 19. Qxb6+ Ka8 20. O-O Rb8 21. Qa5
Nc4 22. Qa4 Nb2 23. Bxf5 Nxa4 24. Bxd7 Nxc3 25. a7 Rb6 26. Kh1 Bb4 27. Rfc1 Rd8
28. Bf5 g6 29. Bd3 Bd5 30. Ne1 Ne4 31. Kg1 Rd7 32. Nc2 Bc3 33. Ra6 Rxa6 34. Bxa6
Rxa7 35. Bd3 Bb2 36. Rb1 Ba3 37. f3 Nc3 38. Re1 Bf8 39. e4 Bf7 40. e5 fxe5 41.
dxe5 Be6 42. Nd4 Bc5 43. Kf1 Bxd4 44. f4 Ra2 45. Rc1 Rf2+ 46. Ke1 Rxg2 47. Ra1+
Kb7 48. Ra3 Rxh2 49. Bf1 Bf2+ 50. Kd2 Bc5+ 0-1

[Event "Titled Tue 24th Jun Early"]
[Site "chess.com INT"]
[Date "2025.06.24"]
[Round "6"]
[White "Lowinger, Daniel"]
[Black "Berg, Vadim Daskevich"]
[Result "1-0"]
[BlackTitle "IM"]
[WhiteElo "2086"]
[BlackElo "2445"]
[WhiteFideId "2005557"]
[BlackFideId "11601965"]
[EventDate "2025.06.24"]

1. e4 c5 2. Nf3 d6 3. d4 cxd4 4. Nxd4 Nf6 5. Nc3 a6 6. Be2 e5 7. Nb3 Be7 8. O-O
O-O 9. Kh1 Be6 10. f4 exf4 11. Bxf4 Nc6 12. Qd2 Ne5 13. Rad1 Rc8 14. Qe1 Nfd7
15. Qg3 Qc7 16. Rd2 Rfe8 17. Nd5 Bxd5 18. exd5 Bf6 19. c3 g6 20. Nd4 Bg7 21. h4
Nc5 22. Bf3 Nxf3 23. Qxf3 Ne4 24. Re2 Nf6 25. Rxe8+ Rxe8 26. Bh2 h5 27. Nc2 Qc4
28. Bxd6 Qxd5 29. Qxd5 Nxd5 30. Bg3 Re2 31. Rf2 Rxf2 32. Bxf2 b5 33. Bd4 f5 34.
Bxg7 Kxg7 35. Nd4 Nb6 36. b3 Nd5 37. c4 bxc4 38. bxc4 Nb4 39. c5 Kf7 40. a3 Nd3
41. c6 Ke7 42. Kh2 Kd6 43. Kg3 a5 44. Kf3 Ne5+ 45. Kf4 Nxc6 46. Nxc6 Kxc6 47.
Kg5 Kb5 48. Kxg6 Ka4 49. Kxh5 Kxa3 50. Kg6 Kb2 51. h5 a4 52. h6 a3 53. h7 a2 54.
h8=Q+ Kb1 55. Kxf5 a1=Q 56. Qxa1+ Kxa1 57. g4 Kb2 58. g5 Kc3 59. g6 Kc4 60. g7
Kd5 61. g8=Q+ Kd6 62. Qg4 Ke7 63. Qe4+ Kd6 64. Qe6+ Kc5 65. Ke4 Kb5 66. Qd5+ Kb4
67. Kd3 Ka3 68. Qb7 Ka2 69. Kc2 Ka3 70. Qb3# 1-0

[Event "Titled Tue 24th Jun Early"]
[Site "chess.com INT"]
[Date "2025.06.24"]
[Round "6"]
[White "Lesueur, Gabriel"]
[Black "Olhovik, Andrei"]
[Result "0-1"]
[WhiteTitle "FM"]
[BlackTitle "FM"]
[WhiteElo "2278"]
[BlackElo "2282"]
[WhiteFideId "45186359"]
[BlackFideId "13507397"]
[EventDate "2025.06.24"]

1. d4 d5 2. Nf3 c5 3. e3 Nc6 4. c4 e6 5. Nc3 Nf6 6. a3 cxd4 7. exd4 dxc4 8. Bxc4
Be7 9. O-O O-O 10. Re1 b6 11. d5 Na5 12. Ba2 exd5 13. Nxd5 Nxd5 14. Qxd5 Bb7 15.
Qh5 g6 16. Qg4 Bf6 17. Bh6 Re8 18. Rxe8+ Qxe8 19. Re1 Qc6 20. b4 Bc8 21. Qf4 Nb7
22. Qc7 Bd7 23. Qf4 Re8 24. Ne5 Bxe5 25. Rxe5 Nd8 26. Qxf7+ Nxf7 0-1